[Event "San Francisco TNM Winter op"]
[Site "San Francisco"]
[Date "2016.01.19"]
[Round "3"]
[White "Houshdaran, Soheil"]
[Black "Ortega, Bill"]
[Result "1-0"]
[WhiteElo "1829"]
[BlackElo "2090"]
[PlyCount "61"]
[EventDate "2016.01.05"]
[EventType "swiss"]
[EventRounds "8"]
[EventCountry "USA"]
[SourceTitle "EXT 2018"]
[Source "ChessBase"]
[SourceDate "2017.10.13"]
[SourceVersion "1"]
[SourceVersionDate "2017.10.13"]
[SourceQuality "1"]

1. e4 d5 2. exd5 Nf6 3. Bb5+ Bd7 4. Bxd7+ Qxd7 5. c4 c6 6. dxc6 Nxc6 7. Nf3 e5 8. 0-0 0-0-0 9. Nc3 h6 10. Re1 Bd6 11. Nd5 Bb8 12. Nxf6 gxf6 13. a3 f5 14. b4 e4 15. Nh4 Qd6 16. g3 Qf6 17. Rb1 Rhg8 18. Kh1 Rg4 19. Bb2 Be5 20. b5 Nd4 21. Bxd4 Rxd4 22. Ng2 Rg8 23. f4 exf3 24. Qxf3 Rgd8 25. Ne3 Rxd2 26. Nd5 R8xd5 27. cxd5 f4 28. Rbd1 Rb2 29. d6 fxg3 30. d7+ Kd8 31. Qxf6+ 1-0

[Event "San Francisco TNM Winter op"]
[Site "San Francisco"]
[Date "2013.02.05"]
[Round "5"]
[White "Ortega, Bill"]
[Black "Grey, Peter G"]
[Result "1/2-1/2"]
[WhiteElo "2068"]
[BlackElo "2011"]
[PlyCount "65"]
[EventDate "2013.01.08"]
[EventType "swiss"]
[EventRounds "8"]
[EventCountry "USA"]
[SourceTitle "EXT 2016"]
[Source "ChessBase"]
[SourceDate "2015.10.08"]
[SourceVersion "1"]
[SourceVersionDate "2015.10.08"]
[SourceQuality "1"]

1. e4 e5 2. Nf3 Nc6 3. d4 exd4 4. Bc4 Nf6 5. e5 Ng4 6. Qe2 Qe7 7. Bf4 d6 8. exd6 Qxe2+ 9. Bxe2 Bxd6 10. Bxd6 cxd6 11. Na3 a6 12. Nc4 Ke7 13. Nb6 Rb8 14. h3 Nge5 15. 0-0-0 d3 16. Nd5+ Kd8 17. Bxd3 Nxf3 18. gxf3 Be6 19. Nc3 Kc7 20. f4 g6 21. h4 Ne7 22. h5 Nd5 23. Ne2 Bg4 24. hxg6 hxg6 25. Rxh8 Rxh8 26. Be4 Bxe2 27. Rxd5 Bc4 28. Rd4 Be6 29. Kd2 Bd7 30. Ke3 Bc6 31. f3 Re8 32. Kd3 f5 33. Bd5 1/2-1/2

[Event "San Francisco TNM Winter op"]
[Site "San Francisco"]
[Date "2013.01.22"]
[Round "3"]
[White "Ortega, Bill"]
[Black "Newey, Richard H"]
[Result "1-0"]
[WhiteElo "2068"]
[BlackElo "1673"]
[PlyCount "36"]
[EventDate "2013.01.08"]
[EventType "swiss"]
[EventRounds "8"]
[EventCountry "USA"]
[SourceTitle "EXT 2016"]
[Source "ChessBase"]
[SourceDate "2015.10.08"]
[SourceVersion "1"]
[SourceVersionDate "2015.10.08"]
[SourceQuality "1"]

1. e4 c5 2. Nc3 d6 3. f4 Nc6 4. Nf3 g6 5. Bb5 a6 6. Bxc6+ bxc6 7. h3 Bg7 8. d3 Qb6 9. 0-0 e6 10. Na4 Qa7 11. c4 Rb8 12. Rb1 Ne7 13. b3 0-0 14. Ba3 Rd8 15. e5 Nf5 16. Qe1 Rb4 17. g4 Ne7 18. Qf2 d5 1-0